<?xml version="1.0" encoding="UTF-8"?>
<record
    xmlns:xsi="http://www.w3.org/2001/XMLSchema-instance"
    xsi:schemaLocation="http://www.loc.gov/MARC21/slim http://www.loc.gov/standards/marcxml/schema/MARC21slim.xsd"
    xmlns="http://www.loc.gov/MARC21/slim">

  <leader>01867nam a2200277 i 4500</leader>
  <controlfield tag="003">DO-SdBNP</controlfield>
  <controlfield tag="005">20230710140716.0</controlfield>
  <controlfield tag="006">a||||fr|||| 00| 0 </controlfield>
  <controlfield tag="007">ta</controlfield>
  <controlfield tag="008">230707e1974    dr ||||| |||| 00| 0 spa d</controlfield>
  <datafield tag="040" ind1=" " ind2=" ">
    <subfield code="a">DO-SdBNP</subfield>
    <subfield code="b">spa</subfield>
    <subfield code="c">BNPHU</subfield>
    <subfield code="e">rda</subfield>
  </datafield>
  <datafield tag="082" ind1=" " ind2="4">
    <subfield code="2">22</subfield>
    <subfield code="b">E19p 1975</subfield>
  </datafield>
  <datafield tag="245" ind1="0" ind2="0">
    <subfield code="a">Econom&#xED;a, pol&#xED;tica e investigaci&#xF3;n social. /</subfield>
    <subfield code="c">recopilaci&#xF3;n Luis G&#xF3;mez.</subfield>
  </datafield>
  <datafield tag="250" ind1=" " ind2=" ">
    <subfield code="a">2da. edici&#xF3;n</subfield>
  </datafield>
  <datafield tag="264" ind1=" " ind2="1">
    <subfield code="a">Santo Domingo :</subfield>
    <subfield code="b">Alfa y Omega,</subfield>
    <subfield code="c">1975</subfield>
  </datafield>
  <datafield tag="300" ind1=" " ind2=" ">
    <subfield code="a">216 p&#xE1;ginas :</subfield>
    <subfield code="b">Ilustraciones, gr&#xE1;ficas ;</subfield>
    <subfield code="c">21 cm</subfield>
  </datafield>
  <datafield tag="336" ind1=" " ind2=" ">
    <subfield code="2">rdacanten</subfield>
    <subfield code="a">texto</subfield>
    <subfield code="b">txt</subfield>
  </datafield>
  <datafield tag="337" ind1=" " ind2=" ">
    <subfield code="2">rdamedia</subfield>
    <subfield code="a">sin medici&#xF3;n</subfield>
    <subfield code="b">n</subfield>
  </datafield>
  <datafield tag="338" ind1=" " ind2=" ">
    <subfield code="2">rdacarrier</subfield>
    <subfield code="a">volumen</subfield>
    <subfield code="b">nc</subfield>
  </datafield>
  <datafield tag="500" ind1=" " ind2=" ">
    <subfield code="a">Incluye bibliograf&#xED;a y notas al pie de p&#xE1;ginas.</subfield>
  </datafield>
  <datafield tag="504" ind1=" " ind2=" ">
    <subfield code="a">Bibliograf&#xED;a: p&#xE1;ginas 209 -213</subfield>
  </datafield>
  <datafield tag="505" ind1=" " ind2=" ">
    <subfield code="a">Dedicatoria.-- Ep&#xED;grafe.-- Relaciones de Producci&#xF3;n.-- En la sociedad dominicana.</subfield>
    <subfield code="t">I. Sector Industrial.--</subfield>
    <subfield code="t">II. Sector Agropecuario.--</subfield>
    <subfield code="t">III. Sobre la Tercera Secci&#xF3;n.--</subfield>
    <subfield code="g">Las Categor&#xED;a Universales y la Investigaci&#xF3;n Social.</subfield>
    <subfield code="t">II El Nexo.-- III Metodolog&#xED;a Universal.-- IV Pr&#xE1;ctica Unitaria.-- V Conclusiones.--</subfield>
    <subfield code="g">Precisiones sobre el M&#xE9;todo Dialectico.</subfield>
    <subfield code="t">I Unilateralidad.-- II Incomprensi&#xF3;n del m&#xE9;todo Ascensional.-- III Desnaturalizaci&#xF3;n.-- IV Ambig&#xFC;edad.</subfield>
    <subfield code="g">La Investigaci&#xF3;n Rural en Rep&#xFA;blica Dominicana.</subfield>
    <subfield code="t">I Documentaci&#xF3;n.-- II Elecciones de un m&#xE9;todo.-- III Una coyuntura Potencial.--</subfield>
    <subfield code="g">Un Desarrollo sin Desarrollo.</subfield>
    <subfield code="t">La Metodolog&#xED;a Desarrollista.-- II Las Tesis Desarrollista.-- III Bases para una T&#xE1;ctica Antidesarrollista en Rep&#xFA;blica Dominicana.-- IV Conclusiones.--</subfield>
    <subfield code="g">Bases para el An&#xE1;lisis Pol&#xED;tico Coyuntural.</subfield>
    <subfield code="t">I Enfoque Global.-- II La Formaci&#xF3;n Social Dominicana.-- III La Coyuntura Electoral.--</subfield>
    <subfield code="g">&#xCD;ndice de Cuadros.--Bibliograf&#xED;a Consultada.-- &#xCD;ndice Genral.</subfield>
  </datafield>
  <datafield tag="590" ind1=" " ind2=" ">
    <subfield code="a">Inventariado 2023 / MF</subfield>
  </datafield>
  <datafield tag="700" ind1="1" ind2=" ">
    <subfield code="a">G&#xF3;mez, Luis,</subfield>
    <subfield code="e">comp.</subfield>
    <subfield code="9">9238</subfield>
  </datafield>
  <datafield tag="942" ind1=" " ind2=" ">
    <subfield code="2">ddc</subfield>
    <subfield code="c">LBS1</subfield>
  </datafield>
  <datafield tag="952" ind1=" " ind2=" ">
    <subfield code="0">0</subfield>
    <subfield code="1">0</subfield>
    <subfield code="2">ddc</subfield>
    <subfield code="5">1</subfield>
    <subfield code="7">0</subfield>
    <subfield code="8">PD</subfield>
    <subfield code="a">BNPHU</subfield>
    <subfield code="b">BNPHU</subfield>
    <subfield code="c">CT</subfield>
    <subfield code="d">2013-07-07</subfield>
    <subfield code="e">Donado por INTEC</subfield>
    <subfield code="l">0</subfield>
    <subfield code="o">E19p 1975</subfield>
    <subfield code="p">2023-3169</subfield>
    <subfield code="r">2023-07-07</subfield>
    <subfield code="w">2023-07-07</subfield>
    <subfield code="y">LBS1</subfield>
  </datafield>
  <datafield tag="999" ind1=" " ind2=" ">
    <subfield code="c">54134</subfield>
    <subfield code="d">54134</subfield>
  </datafield>
</record>
